Frankenstein / (Registro nro. 8667)

Detalles MARC
000 -LIDER
fixed length control field 00969nam a22003137a 4500
003 - IDENTIFICACDOR DE NÚMERO DE CONTROL
control field DO-SdBNP
005 - DATE AND TIME OF LATEST TRANSACTION
control field 20171113124028.0
008 - ELEMENTOS DE LONGITUD FIJA
fixed length control field 151112b 2007 sp xxu||||| |||| 00| 0 spa d
020 ## - ISBN
International Standard Book Number 9788497646888
040 ## - FUENTE DE CATALOGACIÓN
Agencia que crea de manera original el registro BPMSU
Idioma de catalogación spa
Agencia que realiza la transcripción BPMSU
082 #4 - NÚMERO DE CLASIFICACIÓN DECIMAL DE DEWEY
Classification number 813
Item number S545f
100 1# - ASIENTO PRINCIPAL -- NOMBRE PERSONAL
Nombre personal Shelley, Mary Wollstonecraft,
Fechas asociadas con el nombre 1797-1851.
240 10 - TITULO UNIFORME
Título uniforme Frankenstein.
Idioma de una obra Español
245 10 - MENCIÓN DE TITULO
Título Frankenstein /
Mención de responsabilidad Mary Shelley ; traductor, Diana Gibson ; introducción Rocío Pizarro.
260 ## - PUBLICACIÓN, DISTRIBUCIÓN, ETC. (PIE DE IMPRENTA)
Lugar de publicación, distribución, etc Madrid :
Nombre del editor, distribuidor, etc. Edimat Libros,
Fecha de publicación, distribución, etc 2007.
300 ## - DESCRIPCIÓN FÍSICA
Extensión 292 p.
Dimensiones 19 cm.
490 1# - MENCIÓN DE SERIES
Mención de serie Clásicos de la literatura
500 ## - NOTA GENERAL
Materiales especificados Incluye datos biográficos del autor.
650 ## - ENCABEZAMIENTO DE MATERIA--TEMÁTICO
Término temático o nombre geográfico como elemento de entrada NOVELA INGLESA
Subdivisión cronológica SIGLO XIX
650 ## - ENCABEZAMIENTO DE MATERIA--TEMÁTICO
Término temático o nombre geográfico como elemento de entrada LITERATURA INGLESA
651 ## - ENCABEZAMIENTO DE MATERIA--NOMBRE GEOGRÁFICO
Subdivisión cronológica SIGLO XIX
700 12 - ASIENTO SECUNDARIO -- NOMBRE PERSONAL
Nombre personal Gibson, Diana,
Mención de responsabilidad tr.
700 12 - ASIENTO SECUNDARIO -- NOMBRE PERSONAL
Nombre personal Pizarro, Rocio
830 #0 - ASIENTO SECUNDARIO DE SERIE--TÍTULO UNIFORME
Título uniforme Clásicos de la literatura
910 ## - VALIDACIÓN
Validación 00260
942 ## - ADDED ENTRY ELEMENTS (KOHA)
Source of classification or shelving scheme Dewey Decimal Classification
Koha item type Libros
945 ## - INFORMACIÓN DE PROCESAMIENTO LOCAL
Información de procesamiento local Inventariado, 2017/MFF
956 ## - LOCAL ELECTRONIC LOCATION AND ACCESS (OCLC)
Método de acceso Lorenza Pérez
Existencias
Withdrawn status Lost status Source of classification or shelving scheme Damaged status Not for loan Collection code Home library Current library Date acquired Source of acquisition Total Checkouts Full call number Barcode Date last seen Price effective from Koha item type
    Dewey Decimal Classification       Biblioteca Pública Metropolitana Salomé Ureña Biblioteca Pública Metropolitana Salomé Ureña 11/12/2015 Donación   Co863.44 G216a BPMSU15110217 11/12/2015 11/12/2015 Libros